Informaciones de seguridad para tripulantes de yates

Zapisane w:
Opis bibliograficzny
Korporacja: Armada de Chile (Autor)
Format: Książka
Język:hiszpański
Wydane: Valparaíso Dirección General del Territorio Marítimo y de Marina Mercante 1990
Hasła przedmiotowe:
Etykiety: Dodaj etykietę
Nie ma etykietki, Dołącz pierwszą etykiete!

MARC

LEADER 00000nam a2200000 a 4500
001 UCM9165
003 CL-VaPUC
008 030411e19900000CL |||||||||||||||||spa|d
082 0 4 |a 387.55  |b ARM  |2 21 
110 2 |a Armada de Chile  |e author  |9 475600 
245 1 0 |a Informaciones de seguridad para tripulantes de yates 
300 |a 44 p 
942 |c BK 
945 |d 20030411 00:00:00  |a cmena 
260 |a Valparaíso  |b Dirección General del Territorio Marítimo y de Marina Mercante  |c 1990 
650 0 |a Yates  |9 332212 
650 0 |a Medidas de seguridad  |9 264085 
650 0 |a Derecho marítimo  |9 255301 
650 0 |a Transporte marítimo  |9 260127 
583 |a last modification  |c 20030411 00:00:00  |k Rodrigo Vera 
999 |c 303541  |d 303539 
952 |0 0  |1 0  |4 0  |6 387_550000000000000_ARM_1990  |7 0  |8 CCM  |9 364891  |a BIBCUR  |b BIBCUR  |d 2019-11-21  |i 3894606  |o 387.55 ARM 1990  |p 3894606  |r 2025-04-22  |w 2019-11-21  |y BK  |k CIM